000 01760agaaa2200313 4500
001 5459
003 IT-RoPAU
005 20220918181232.0
007 d cvaizq
008 50131s9999||||xx ||| | || ||und||
040 _aIT-RoPAU
_cIT-RoPAU
041 _aITALIANO
100 _aGodard Jean-Luc
_gCodice regista SPICS: 5975
_941066
130 _aAMORE (L')
_941067
245 _aAMORE (L')
_cProdotto da: Lizzani Carlo -- Sceneggiatura: Godard Jean-Luc -- Diretto da: Godard Jean-Luc
_pAMORE E RABBIA (VANGELO '70) (Rif. Codice opera principale : H5455)
250 _aEdizione Standard
260 _a(ITALIA - FRANCIA)
_bCASTORO FILM - ANOUCHKA FILM / Distribuzione: MEDIAWORLD
_g"1968 (1° ed.: 2005 ; Ed. Lingua Orig.: 1968)"
300 _aDVD
_bsonoro, col.
_c98 minuti
508 _a"Fotografia: Levent Alain; Montaggio: Guillemont Agnes; Musica: Fusco Giovanni; Sceneggiatura: Godard Jean-Luc; Scenografia: Scavia Mimmo; "
511 _a"Gueho Christine; Castelnuovo Nino; Jourdan Catherine; Pozzesi Paolo"
520 _aEPISODIO DEL FILM AMORE E GUERRA. L'EPISODIO E' UNA RILETTURA IN CHIAVE POLITICA DELLA PARABOLA DEL FIGLIOL PRODIGO. DUE GIOVANI IMMAGINANO DI VEDEREUN FILM SULL'IMPOSSIBILE AMORE FRA LA RIVOLUZIONE E LA DEMOCRAZIA, IMPERSONATI DA UN REGISTA ITALIANO E UNA GIOVANE FRANCESE, CHE, NON POTENDO CONVIVERE PUR AMANDOSI, ALLA FINE RINUNCIANO.
538 _aPAL, STEREO
546 _aITALIANO
650 _aFILM A EPISODI
_eDVD-FILM [DVD]
_xCodice MATERIA SPICS: 9947
_936570
700 _aFusco Giovanni
_e(musica)
_gCodice Musica SPICS: 22982
_941068
700 _aGodard Jean-Luc
_e(regista)
_gCodice regista SPICS: 5975
_941069
700 _aGodard Jean-Luc
_e(soggetto)
_gCodice Soggetto SPICS: 5975
_941070
942 _cDV
_2ddc
999 _c105378
_d105378